Statistics for Europe Map Quiz - Biggest cities

Click here to take the quiz!

General Stats

  • This quiz has been taken 33 times
    (6 since last reset)
  • The average score is 39 of 45

Answers on the Map

Answers color-coded by a green-red scale on the quiz's map according to % correct below.
 

Answer Stats

Answer% Correct
Athens
100%
Brussels
100%
Lisbon
100%
London
100%
Luxembourg
100%
Madrid
100%
Milan
100%
Moscow
100%
Paris
100%
Warsaw
100%
Andorra la Vella
83%
Belgrade
83%
Bratislava
83%
Bucharest
83%
Budapest
83%
Chiśinau
83%
Copenhagen
83%
Dublin
83%
Helsinki
83%
Kiev
83%
Ljubljana
83%
Minsk
83%
Monte Carlo
83%
Oslo
83%
Podgorica
83%
Prague
83%
Reykjavik
83%
Riga
83%
Rotterdam
83%
Ruhr-Salzburg
83%
Saint Paul Bay-Valletta
83%
Schaan
83%
Serravalle-Tower Marino
83%
Sofia
83%
Stockholm
83%
Tallin
83%
Vatican City
83%
Vienna
83%
Vilnius
83%
Zagreb
83%
Zurich
83%
Durrës
67%
Pristine
67%
Sarajevo
67%
Skopje
67%

Score Distribution

Percentile by Number Answered

Percent of People with Each Score

Your Score History

You have not taken this quiz since the last reset